Responses for show #668 - Wednesday, July 1, 1987

Doug Molitor game 4. Single-player Final Jeopardy!

Contestants

[<< previous game]

Patti Demerirjian, a housewife from Dayton, Ohio

Bob Rome, a music teacher from Los Angeles, California

Doug Molitor, a writer from Brentwood, California (whose 3-day cash winnings total $37,501)

[next game >>]

Jeopardy! Round responses

NAMESAKES
COLORS
TREES
BROADWAY LYRICS
WORLD LEADERS
STUPID ANSWERS
    $100 23
(Harry) Houdini

Bob
    $100 20
(Doug: What is the mint Oreo?)
(Alex: Mint Oreo? [*] is the color.)

green (mint accepted)

Doug
    $100 10
needles

Doug
    $100 15
dames

Bob
    $100 6
Fidel Castro

Doug
    $100 1
Shirley MacLaine

Patti
    $200 24
Rosalind Russell

Doug
    $200 21
red

Doug
    $200 11
(Patti: What are the limbs?)

the roots

DougPatti
    $200 16
"I love the girl I'm near"

Bob
    $200 7
Mao Tse-tung

Doug
    $200 2
CK

Doug
    $300 25
James I

Doug
    $300 22
the rainbow

Bob
    $300 12
the Amazon

Doug
    $300 17
"We're in love"

Patti
    $300 8
Winston Churchill

Bob
    $300 3
a stick & a ball

Doug
    $400 26
masochism

Doug
    $400 28
(Patti: What is red?)

black

Patti
Triple Stumper
    $400 13
tree surgery

Doug
    $400 18
"Magnifique"

Patti
    $400 9
(Charles) de Gaulle

Patti
    $400 4
a spider

Doug
    $500 27
Watergate

Patti
    $800 29
[Fiddle music plays.]
(Alex: Patti, do you have a response?)
(Patti: No, I'm sorry, I don't.)
(Alex: I had a feeling Bob might know it, being the music teacher. What is the [*]?)

"Orange Blossom Special"

Patti
    $500 30
(Doug: What are toothpicks?)
(Patti: What are matches?)

seeds

DougPatti
Triple Stumper
    $500 19
(Bob: Pinocchio. What is Pinocchio?)

Peter Pan

BobPatti
    $500 14
(Bob: Who is the premier of Japan?)

the Emperor of Japan (Hirihito)

DougBob
    $500 5
vans

Bob

Scores at the first commercial break (after clue 13):

Doug Bob Patti
$2,200 $800 $300

Scores at the end of the Jeopardy! Round:

Doug Bob Patti
$3,400 $500 $300

Double Jeopardy! Round responses

BEGINNINGS
STATE CAPITALS
LITERARY "LADY"s
THE CIVIL WAR
CRUSTACEANS
CANADIAN ACTORS
    $200 1
Yiddish

Doug
    $200 7
Hartford

Patti
    $200 12
fair lady

Doug
    $200 17
the Gettysburg Address

Bob
    $200 2
Donald Sutherland

Doug
    $400 22
(Doug: What is backgammon?)

checkers

DougPatti
    $400 8
(Bob: What is Council Bluffs?)

Little Rock (Arkansas)

DougBob
    $400 13
The Lonely Lady

Triple Stumper
    $400 18
Sherman

Doug
    $400 3
Martin Short

Doug
    $600 23
(Alex: That's right, and we've got a minute to go in the round.)

toilet tissue

Patti
    $600 9
Santa Fe

Doug
    $600 14
the dark lady

Doug
    $600 19
Andrew Johnson

Doug
    $600 4
Mary Pickford

Doug
    $800 24
(Doug: What is morphine?)

novocaine or procaine

Doug
Triple Stumper
    $1,500 10
(Doug: What are Phoenix and... Portland?)

(2 of) Phoenix, Providence, Rhode Island & Pierre, South Dakota

Doug
    $800 15
The Lady in the Lake

Doug
    $800 20
(Bob: Who is Clara Barton?)

Louisa May Alcott

Bob
Triple Stumper
    $1,000 27
[The end-of-round signal sounds.]

smell & taste

Doug
    $800 5
Christopher Plummer

Doug
    $1000 25
(William) Harvey

Doug
    $1000 11
(Doug: What is Cheyenne?)
(Bob: What is Casper, Wyoming?)
(Patti: What is Dover?)

Montpelier, Vermont

DougBobPatti
Triple Stumper
    $1000 16
Lady Caroline Lamb

Triple Stumper
    $1000 21
(Patti: What is Georgia?)

North Carolina

BobPatti
    $1000 26
(Doug: What is just an egg, no sperm involved?)
(Alex: [*]. Nice going for $1,000.)

an unfetilized egg

Doug
    $1000 6
(Bob: Who is Jeanette Bujold? Anne-Jeanette Bujold.)

Geneviève Bujold

DougBob

Scores at the end of the Double Jeopardy! Round:

Doug Bob Patti
$9,500 -$1,500 -$500
(lock game)

[wagering suggestions for these scores]

Final Jeopardy! Round responses

WORD PLAY
[NOTE: Alex had the music stop after Doug had finished writing his response before the 30 seconds was up.]
DougWhat are crossword puzzles?
$4,000
crossword puzzles

Final scores:

Doug Bob Patti
$13,500 -$1,500 -$500
4-day champion: $51,001 3rd place: an entertainment center 2nd place: a trip for 2 to Tampa, Florida

Game dynamics:

Coryat scores:

Doug Bob Patti
$10,800 -$1,500 $300
31 R
(including 1 DD),
5 W
(including 1 DD)
8 R,
6 W
9 R,
6 W
(including 1 DD)

Combined Coryat: $9,600

The J! Archive is created by fans, for fans. The Jeopardy! game show and all elements thereof, including but not limited to copyright and trademark thereto, are the property of Jeopardy Productions, Inc. and are protected under law. This website is not affiliated with, sponsored by, or operated by Jeopardy Productions, Inc. Join the discussion at JBoard.tv.